000 01558nam a2200265Ia 4500
999 _c52953
_d52953
001 19984
003 GE_BSU
005 20200526225036.0
008 181216s1991||||ge |||||||||||||| ||geo||
040 _cGE_BSU
041 _ageo
080 _a81'374(038)=353.1-26 ს-26
100 _aსანიკიძე, თენგიზ
_98206
245 _aგალაკტიონ ტაბიძის ენის ლექსიკონი : წ. 2 :
_bდ - ლ /
_cთენგიზ სანიკიძე, ც. სანიკიძე ; [რედ. კ. დანელია].
264 _aთბილისი :
_bთბილ. უნ-ტის გამ-ბა,
_c1991.
300 _a1152 გვ. ;
_c22 სმ.
500 _aწინამდებარე ლექსიკონში მოთავსებულია დ,ე,ვ,ზ,თ,კ,ლ,ასოებით დაწყებული ყველა სიტყვა.წარმოდგენილი სიტყვიერი მასალა დიდ დახმარებას გაუწევს ქართული სიტყვით დაინტერესებულ პირებს.
541 _h44ლ.80თ.
653 _aლექსები
653 _aტაბიძე გალაკტიონ
653 _aქართული ენა
700 _aსანიკიძე, ც.
_eავტორი
_98207
700 _aდანელია, კ.
_eრედაქტორი
_97767
942 _cBK
_2udc